[Event "BCF-chT 1617 (4NCL)"]
[Site "Reading"]
[Date "2017.02.11"]
[Round "5.54"]
[White "Fitzsimons, David"]
[Black "Edouard, Romain"]
[Result "0-1"]
[WhiteElo "2372"]
[BlackElo "2628"]
[Annotator "Edouard,R"]
[PlyCount "124"]
[EventDate "2016.11.19"]
[EventType "team-swiss"]
[EventRounds "11"]
[EventCountry "ENG"]
[SourceTitle "CBM 178"]
[Source "ChessBase"]
[SourceDate "2017.05.14"]
[SourceVersion "1"]
[SourceVersionDate "2017.05.14"]
[SourceQuality "1"]
[WhiteTeam "Wood Green"]
[BlackTeam "Guildford"]
[WhiteTeamCountry "ENG"]
[BlackTeamCountry "ENG"]

1. e4 c5 2. c3 e6 3. d4 d5 4. exd5 exd5 5. Nf3 Nc6 6. Bb5 Bd6 7. O-O Nge7 8.
dxc5 Bxc5 9. Nbd2 O-O 10. Nb3 Bb6 11. Re1 {The main and best move. White needs
to play Be3, otherwise Black's position is too dynamic.} (11. Bg5 $6 f6 12. Bf4
Ng6 13. Bg3 f5 14. Bxc6 bxc6 15. Be5 c5 16. Re1 f4 17. h3 Bb7 $15 {1/2-1/2 (42)
Bracker,F (2407)-Rasmussen,A (2495) ESP 2016}) 11... a6 (11... Bg4 12. h3 Bh5
13. Be3 {is too slow:} Bc7 14. Bc5 $14) ({The objectively best solution might
be:} 11... Nf5 12. Bd3 Qd6 13. Bxf5 Bxf5 14. Be3 Bxe3 15. Rxe3 Rfe8 (15... Bg4
16. h3 Bh5 {is also nearly equal.}) 16. Qe2 Rxe3 $146 17. Qxe3 Be4 18. Nfd4 Ne5
$132) 12. Bxc6 $6 (12. Bd3 h6 (12... Bg4 $2 13. Bxh7+ $16) 13. Be3 (13. h3 Nf5
14. Bc2 d4 15. Bxf5 Bxf5 16. Nbxd4 Bxd4 17. Nxd4 Nxd4 18. cxd4 Qd7 $44 {
1/2-1/2 (56) Tiviakov,S (2670)-Vitiugov,N (2681) Ohrid MKD 2009}) 13... Bg4 (
13... Bc7 14. h3 $14) 14. h3 {This position gave birth to a fascinating game
by Karpov.} Bh5 15. Bxb6 Qxb6 16. Qe2 Rfd8 17. Rad1 a5 18. Bb1 Bxf3 19. Qxf3 a4
20. Nd4 Qxb2 21. Nxc6 Nxc6 22. Qf5 g6 23. Qf6 Rd7 24. Bf5 Re7 $2 (24... gxf5 $5
25. Rd3 f4 $1 26. Qxf4 f6 $3 {followed by ...Rg7 looks like a draw!}) 25. Rxe7
Nxe7 26. Bd3 Nf5 $6 (26... Re8 27. h4 $40) 27. Bxf5 gxf5 28. Re1 $16 {1-0 (40)
Karpov,A (2695)-Vaganian,R (2550) Skopje 1976}) 12... bxc6 13. Be3 Bxe3 14.
Rxe3 Nf5 15. Re1 Qb6 $1 {Now Black is completely fine: White is not in time to
make use of the dark squares.} 16. Nbd4 Nxd4 17. cxd4 $6 ({The dynamic} 17.
Qxd4 {would give Black no winning chances:} Qxb2 18. Ne5 Qb7 19. Qc5 $11) 17...
Bg4 18. Re3 Rfe8 19. Qb3 Qxb3 20. axb3 $6 (20. Rxe8+ Rxe8 21. axb3 {would have
been an immediate draw.}) 20... Rxe3 21. fxe3 f6 {Now White's position is a
bit unpleasant.} 22. Rc1 $6 (22. Kf2 $142) 22... Rb8 23. Nd2 Rb6 24. Kf2 h5 25.
Rc3 Kf7 26. g3 $6 Ke7 27. h4 Kd6 28. e4 Rb8 29. exd5 cxd5 30. Nf1 Bf5 31. Kf3
Rb4 32. Ke3 g6 33. Nd2 Rb5 34. Kf4 Ra5 {I wasn't entirely convinced by this
idea, but could not find any other.} ({The engine comes up with a long and
weird, but quite concrete plan that seems to win:} 34... a5 35. Ke3 Rb7 36. Kf4
Re7 37. Re3 Rxe3 38. Kxe3 Kc6 {This ending is winning: during the game I was
unable to figure it out.} 39. Ke2 Kb5 40. Kd1 Kb4 41. Kc1 Bd3 42. Kd1 g5 43.
Ke1 (43. hxg5 fxg5 44. Ke1 Bc2 45. Kf2 Bxb3 46. Ke3 Bc2 47. Kf2 a4 $19 {
followed by ...h4 and later ...a3, ...Kc3 after placing the black bishop
optimally.}) 43... Bc2 44. Ke2 g4 45. Ke3 Bxb3 {Black's idea is simple: at the
moment White seems able to "hold", but he won't be able to hold both sides!}
46. Kf4 Bc2 47. Ke3 a4 48. Kf4 Bd3 49. Ke3 Bb5 50. Kf4 a3 51. bxa3+ Kc3 52. Ke3
f5 $19) 35. b4 Rb5 36. Ra3 Bc8 $2 (36... Rxb4 37. Rxa6+ Ke7 {would give Black
more chances.}) 37. Ra4 Rb6 38. Nb3 Bd7 39. Ra5 Bc6 40. Nc5 Rxb4 41. Ke3 {
The simple move I had forgotten in my earlier calculation, for some reason.}
Rxb2 (41... Bb5 42. b3 $11) 42. Rxa6 g5 43. Ra7 Bb5 44. hxg5 fxg5 45. Rh7 Re2+
46. Kf3 g4+ 47. Kf4 Be8 48. Rh6+ Ke7 {White does not have a concrete way to
draw the game: but it is clear he is too active for Black to win.} 49. Kf5 $2 {
Giving some chances.} ({For example} 49. Rb6 {is a draw:} Rf2+ 50. Kg5 Rf3 51.
Rb7+ Kd6 52. Rb6+ Bc6 53. Kxh5 Rxg3 54. Na6 $11) 49... Re3 50. Kf4 Rf3+ 51. Kg5
Rxg3 52. Re6+ Kf8 53. Rf6+ $2 (53. Re5 {was still a draw:} Rf3 54. Ne6+ Kg8 (
54... Kf7 55. Nd8+ $11) 55. Nf4 $11) 53... Kg8 {Now White is lost.} 54. Rf5 Bf7
55. Nd7 Kg7 56. Nf6 $2 ({After} 56. Ne5 Be8 57. Rf6 {Black would still face
big technical difficulties, e.g.} Ra3 58. Re6 Kf8 59. Rh6 g3 60. Rh8+ Ke7 61.
Rh7+ Kd6 62. Rh6+ Kc7 63. Rh7+ Kb6 64. Kh4 g2 65. Rg7 Ra2 66. Kh3 Kb5 67. Kh2
Kb4 68. Rc7 Rd2 69. Rb7+ Kc3 70. Rc7+ Kb3 71. Nf3 Rf2 72. Ne5 {Black is
definitely winning: but it is not that trivial.}) 56... Rf3 (56... Rh3 57. Nxd5
Bxd5 58. Rxd5 g3 59. Kf4 h4 {also wins.}) 57. Nxh5+ Bxh5 58. Rxd5 Bf7 $1 59.
Re5 g3 60. Kh4 (60. Kg4 $5 Rd3 $19 ({And not} 60... g2 $4 61. Rg5+ Kf6 62. Kxf3
$11)) 60... Kf6 61. Re1 g2 62. Rg1 Be6 0-1

[Event "USA-ch"]
[Site "Long Beach"]
[Date "1993.??.??"]
[Round "3"]
[White "Wolff, Patrick G"]
[Black "Yermolinsky, Alex"]
[Result "0-1"]
[WhiteElo "2585"]
[BlackElo "2605"]
[Annotator "Ftacnik,L"]
[PlyCount "54"]
[EventDate "1993.12.??"]
[EventType "tourn"]
[EventRounds "11"]
[EventCountry "USA"]
[EventCategory "14"]
[SourceTitle "CBM 039"]
[Source "ChessBase"]
[SourceDate "1994.04.01"]
[SourceVersion "1"]
[SourceVersionDate "1994.04.01"]
[SourceQuality "1"]

1. e4 e6 2. d4 d5 3. Nd2 a6 4. Ngf3 c5 5. dxc5 Bxc5 6. Bd3 Ne7 7. O-O Nbc6 8.
c3 O-O 9. exd5 exd5 10. Nb3 Bd6 11. Re1 h6 12. h3 Bf5 13. Be3 Re8 14. Nbd4 (14.
Bc5 $5 Qd7 15. Bxf5 Nxf5 16. Qd3 {might have been wiser.} (16. Qxd5 $4 Bh2+))
14... Be4 15. Qc2 Ng6 16. Bxe4 dxe4 17. Nd2 Nxd4 18. Bxd4 f5 {At this point
Peters thought highly of White's position, since the a2-g8 line is now open
for business.} 19. Qb3+ Kh7 20. Qxb7 {White's greed now gets punished, as the
pawn turns out to be poisoned.} Be5 $1 21. Rad1 Bxd4 22. cxd4 Qg5 $1 {Now it
is clear that White is in real trouble.} 23. Nf1 Nh4 24. Ng3 f4 25. Rxe4 fxg3
26. fxg3 Rab8 27. Qc6 Nf3+ $1 {and here Wolff resigned.} 0-1

[Event "Budapest FS03 GM"]
[Site "Budapest"]
[Date "1996.??.??"]
[Round "13"]
[White "Keitlinghaus, Ludger"]
[Black "Afek, Yochanan"]
[Result "1-0"]
[WhiteElo "2475"]
[BlackElo "2395"]
[Annotator "Hecht,H"]
[PlyCount "113"]
[EventDate "1996.03.??"]
[EventType "tourn"]
[EventRounds "13"]
[EventCountry "HUN"]
[EventCategory "9"]
[SourceTitle "CBM 053"]
[Source "ChessBase"]
[SourceDate "1996.08.01"]
[SourceVersion "1"]
[SourceVersionDate "1996.08.01"]
[SourceQuality "1"]

1. e4 c5 2. c3 e6 3. d4 d5 4. exd5 exd5 5. Nf3 Nc6 6. Bb5 Bd6 7. O-O Nge7 8.
dxc5 Bxc5 9. Nbd2 O-O 10. Nb3 Bb6 11. Re1 Nf5 12. Bd3 h6 13. Bxf5 Bxf5 14. Be3
Be4 15. Bxb6 Qxb6 16. Nfd4 Rfe8 17. Nxc6 bxc6 18. Qd4 Qxd4 19. cxd4 Reb8 20.
Re2 Rb4 21. f3 Bf5 22. g4 Be6 23. Rd1 Rab8 24. Rd3 Kf8 25. Rde3 Rc4 26. Nc5 Ke7
27. Kf2 Kd6 28. b3 Rc1 29. Re1 Rxe1 30. Kxe1 g5 31. Kf2 h5 32. h3 hxg4 33. hxg4
Rh8 34. Kg2 Rb8 35. a3 Rf8 36. Re2 Bc8 37. Re1 Rh8 38. Re5 f6 39. Re1 Bd7 40.
Kg3 Bc8 41. Kg2 Bd7 42. Kg3 Bc8 43. Re2 Bd7 44. Rh2 Rxh2 45. Kxh2 {[#] guter
wS bei blockiertem s D-Flügel, taktischer Trick Zug 48 produziert einen
Freibauern; schwarze B-Schwächen} Be8 46. Kg3 Bg6 47. Kf2 f5 48. f4 $1 fxg4 (
48... gxf4 49. g5 Bh5 50. b4 Bd1 51. Nd3 f3 52. Ne5 f4 53. Nxf3 Ke6 54. Ne5 {
[%csl Rc6,Rf4]} Ba4 55. g6 Kf6 56. Kf3 $18 Bb5 57. Kxf4 Ba4 58. Kg4 Bd1+ 59.
Kh4) 49. fxg5 a5 50. Kg3 Bf5 51. Nb7+ Kc7 52. Nxa5 Kb6 53. b4 Kb5 54. Kf4 Be6
55. Nb7 Kc4 56. a4 Kxb4 57. Nc5 1-0

[Event "Azov"]
[Site "Azov"]
[Date "1995.??.??"]
[Round "7"]
[White "Zakhartsov, Viacheslav V"]
[Black "Berelowitsch, Alexander"]
[Result "1/2-1/2"]
[WhiteElo "2440"]
[BlackElo "2485"]
[Annotator "Hecht,H"]
[PlyCount "125"]
[EventDate "1995.??.??"]
[EventType "tourn"]
[EventRounds "13"]
[EventCountry "RUS"]
[EventCategory "8"]
[SourceTitle "CBM 046"]
[Source "ChessBase"]
[SourceDate "1995.06.01"]
[SourceVersion "1"]
[SourceVersionDate "1995.06.01"]
[SourceQuality "1"]

1. d4 e6 2. e4 d5 3. Nd2 c5 4. exd5 exd5 5. Bb5+ Nc6 6. Ngf3 Bd6 7. dxc5 Bxc5
8. O-O Nge7 9. Nb3 Bd6 10. Bxc6+ bxc6 11. Qd4 O-O 12. Bf4 Nf5 13. Qa4 Qb6 14.
Bxd6 Nxd6 15. Ne5 c5 16. Qc6 Qxc6 17. Nxc6 c4 18. Nc5 Re8 19. Rad1 Be6 20. Nb4
Ne4 21. Nca6 Rac8 22. Nxd5 c3 23. Ndc7 cxb2 24. Nxe8 Nc3 25. Nb4 Nxd1 26. Rxd1
Rxe8 27. Rb1 Bf5 28. Kf1 Rb8 29. Nd3 Bxd3+ 30. cxd3 a5 31. Ke2 a4 32. a3 Kf8
33. Kd2 Rb3 34. Kc2 Rxa3 35. Rxb2 $10 {Weiss hält trotz schwieriger K-Stellung
wehgen des d-Freibauern Remis.} Ra1 36. Kc3 (36. Kd2 $142 {Einfacher} a3 37.
Rb8+ Ke7 38. Ra8 $10) 36... a3 37. Rc2 Ke7 38. g3 Ke6 39. Kd4 g5 40. f3 a2 41.
Kc4 h5 42. Kd4 h4 43. gxh4 gxh4 44. h3 Kf5 45. Kc5 Rd1 46. Rxa2 Rxd3 47. Ra4
Rxf3 48. Rxh4 Ke5 49. Kc4 f5 50. Rh8 Ke4 51. h4 Rf1 52. Re8+ Kf3 53. h5 Rd1 54.
h6 Rd7 55. Rf8 f4 56. Rf5 Rd6 57. h7 Rh6 58. Rf7 Rh4 59. Kd3 Rh2 60. Kd4 Rh5
61. Kd3 Rh2 62. Kd4 Rh5 63. Kd3 1/2-1/2

[Event "Candidates qf3"]
[Site "Brussels"]
[Date "1991.??.??"]
[Round "7"]
[White "Ivanchuk, Vassily"]
[Black "Jussupow, Artur"]
[Result "1/2-1/2"]
[WhiteElo "2735"]
[BlackElo "2625"]
[Annotator "Jussupow,A"]
[PlyCount "123"]
[EventDate "1991.08.??"]
[EventType "match"]
[EventRounds "8"]
[EventCountry "BEL"]
[SourceTitle "Candidates"]
[Source "ChessBase"]
[SourceDate "1999.07.01"]
[SourceVersion "2"]
[SourceVersionDate "1999.07.01"]
[SourceQuality "1"]

1. e4 e6 2. d4 d5 3. Nd2 c5 4. exd5 exd5 5. Ngf3 Nc6 6. Bb5 Bd6 7. dxc5 Bxc5 8.
O-O Nge7 9. Nb3 Bd6 10. Re1 O-O 11. Bg5 Qc7 12. c3 a6 (12... Bg4 13. h3 Bh5 14.
Be2 h6 15. Bxe7 Nxe7 16. Nfd4 $14 {Karpov,A-Kortschnoj,V Moscow cf (18) 1974})
(12... h6 13. Bxe7 Nxe7 14. Nbd4 a6 15. Bd3 $14 {Huebner,R-Kortschnoj,V South
Africa(4) 1981}) 13. Be2 Bd7 {N} (13... Be6 14. Bxe7 Bxe7 15. Nfd4 Bd6 16. g3
$14 {Balashov,J-Portisch,L Bugojno 1978}) 14. Be3 $5 {/\Bc5} Nd8 $5 (14... Ne5
15. Nxe5 Bxe5 16. g3 $14) 15. Qd4 $5 {/\Qb6} Nf5 16. Qxd5 Nxe3 17. fxe3 Bc6 $44
18. Qa5 (18. Qh5 Qe7 19. Nbd4 $14) 18... Qe7 19. Qg5 f6 20. Bc4+ Kh8 21. Qh5 g6
22. Qh3 $1 (22. Qh4 g5 (22... Bxf3 23. gxf3 Nc6 $146) 23. Qf2 Qc7 $1 {/\g4,Bf3}
) 22... Bd7 23. Qh4 g5 24. Qf2 Nc6 25. Rad1 Rad8 26. Bd5 Bb8 (26... f5 27. e4
g4 $5) 27. Nbd4 f5 (27... g4 28. Bxc6 bxc6 29. Nh4 $16) (27... Ne5 28. Bxb7 g4
29. Nh4 g3 30. hxg3 Ng4 31. Qf3 $16) 28. e4 fxe4 (28... g4 29. exf5 Qd6 30.
Nxc6 $16) 29. Nxc6 Bxc6 30. Qd4+ Rf6 (30... Qg7 31. Qxg7+ Kxg7 32. Bxc6 Rxd1
33. Rxd1 bxc6 34. Nxg5 $16) 31. Rxe4 Qg7 32. Rde1 $1 h6 $1 (32... Bxd5 33. Re8+
Rxe8 34. Rxe8+ Bg8 35. Rxb8 $18) 33. c4 Bd6 34. Kh1 Bb4 35. Qb6 $2 (35. R1e2
Rf5 $44) (35. Rd1 $142 Rf5 36. Qxg7+ Kxg7 37. a3 $16 Bc5) 35... Qf8 $1 $17 36.
Qd4 (36. Bxc6 Bxe1 37. Rxe1 bxc6 {/\g4-/+}) 36... Bxe1 37. Rxe1 Bxd5 38. cxd5
Kg8 39. h4 Rxf3 40. gxf3 Qxf3+ 41. Kh2 Rxd5 42. Qc4 Qf2+ 43. Kh3 Qf3+ 44. Kh2
Kg7 $1 45. Re2 (45. Re7+ Kg6 $19) 45... Kg6 $2 (45... Rd3 $1 46. Re7+ Kf8 47.
Rf7+ Qxf7 48. Qxd3 Qf2+ $19) 46. Rg2 $1 Qf5 (46... Rd3 $2 47. Qe6+ Kh5 48. Qe8+
$1 Kxh4 49. Qe1+ $10) (46... b5 47. Qc6+ Kh5 48. Qe8+ $10) 47. hxg5 Qe5+ 48.
Kh3 Qe6+ 49. Kh2 Qe5+ 50. Kh3 Qe6+ 51. Kh2 hxg5 52. Rf2 Kh5 53. Qc2 Qd6+ 54.
Kg2 Qd7 55. Kh2 (55. Qe2+ Qg4+ $17) 55... Rd3 56. Qe2+ Kh6 57. Rf6+ Kg7 58. Re6
Qc7+ (58... Kf7 59. Re7+ Qxe7 60. Qxd3 Qe5+ 61. Kh3 Qxb2 $17) 59. Kh1 Rh3+ 60.
Kg1 Qg3+ $2 (60... Rg3+ 61. Kh1 Kf7 62. Re4 Qc1+ 63. Qe1 Qxe1+ 64. Rxe1 Rd3 $19
) 61. Qg2 Kf7 $2 (61... Kf8 62. Qxg3 (62. Rb6 Qc7 63. Qf1+ Kg8 64. Rg6+ Kh7 65.
Qxh3+ Kxg6 66. Qe6+ Kg7 67. Qe3 $15) 62... Rxg3+ 63. Kf2 Rd3 64. Rb6 Rd7 65. a4
Ke8 66. Rg6 (66. Ke3 Kd8 67. b4 Re7+ $5 $17 (67... Kc7 68. Rg6 Rd5 69. Ke4 Rd1
70. Rxg5 $10)) (66. a5 Kd8 67. b4 Kc7 68. b5 Rd6 69. bxa6 bxa6 $17) 66... Rd5
67. Rb6 Rd7 68. Rg6 Rd2+ 69. Ke3 Rxb2 70. Rxg5 Rb4 71. Ra5 Kd7 72. Kd3 Kc6 73.
Kc3 Rh4 74. Kb3 $10) 62. Rb6 $10 {Sealed move} 1/2-1/2

[Event "GER-ARM"]
[Site "Baden-Baden"]
[Date "1996.??.??"]
[Round "3"]
[White "Akopian, Vladimir Eduardovic"]
[Black "Jussupow, Artur"]
[Result "1/2-1/2"]
[WhiteElo "2630"]
[BlackElo "2665"]
[Annotator "Jussupow,A"]
[PlyCount "62"]
[EventDate "1996.07.31"]
[EventType "match"]
[EventRounds "4"]
[EventCountry "GER"]
[SourceTitle "CBM 055"]
[Source "ChessBase"]
[SourceDate "1996.12.01"]
[SourceVersion "1"]
[SourceVersionDate "1996.12.01"]
[SourceQuality "1"]
[WhiteTeam "Armenia"]
[BlackTeam "Germany"]
[WhiteTeamCountry "ARM"]
[BlackTeamCountry "GER"]

1. d4 e6 2. e4 d5 3. Nd2 c5 4. exd5 exd5 5. Ngf3 Nc6 6. Bb5 Bd6 7. dxc5 Bxc5 8.
O-O Nge7 9. Nb3 Bd6 10. Re1 O-O 11. Bd3 h6 (11... Ng6 $6 12. Bg5 $1 {N} (12. c3
Bg4) 12... Qd7 (12... f6 $2 13. Bxg6 $16) (12... Qc7 13. Bxg6 hxg6 14. Qxd5 Nb4
15. Qd2 Nxc2 16. Rec1 Bf5 17. Nbd4 Nxd4 $8 18. Rxc7 Nxf3+ 19. gxf3 Bxc7 20. Qb4
$1 $16 {Akopian,V}) 13. c3 Nf4 (13... Nge5 14. Nxe5 Nxe5 15. Bc2 Nc4 16. Qd3
$14) 14. Bf1 (14. Bc2 Nxg2 $1 15. Kxg2 Qh3+ {/\ Bg4->>>}) 14... Qf5 15. Bh4 Qh5
16. Bg3 Bg4 17. Qd2 Qh6 (17... Nxg2 $2 18. Bxd6 Nxe1 19. Nxe1) 18. Nfd4 $16 {
+/- Akopian,V-Vladimirov,E/Moskva (GMA) 49/(324) 1990}) 12. h3 {/\Be3-Bc5} Nf5
(12... Bc7 {-CBM50/Survey/Hansen,Cu}) (12... Nb4 {-CBM50/Survey/Hansen,Cu}) (
12... a6 {-CBM50/Survey/Hansen,Cu}) (12... Bf5 {-CBM50/Survey/Hansen,Cu}) (
12... Re8 {-CBM50/Survey/Hansen,Cu}) (12... Bd7 {-CBM50/Survey/Hansen,Cu}) 13.
c3 Bc7 (13... Qf6 {-CBM50/Survey/Hansen,Cu}) 14. Bc2 Qd6 15. Qd3 g6 16. g4 (16.
Be3 Ne5 $5) (16. Qd2 $5 h5 17. Bxf5 Bxf5 18. Qh6 Be4 (18... Rfe8 19. Be3 Qf8 (
19... f6 20. Nbd4 Nxd4 21. Bxd4 $16) 20. Qxf8+ Kxf8 21. Rad1 Rad8 (21... Be6
22. Nc5 b6 23. Nxe6+ fxe6 24. c4 $1 $16) 22. Rxd5 $1 Rxd5 23. Bh6+ $14 {
Smagin,S-Lalic,B/Sochi 44/338 (Smagin,S) 1987 (45)}) 19. Nbd2 $1 f5 20. g3 Rf6
21. Nxe4 fxe4 22. Nh4 Ne5 $13 {Tolnai,T-Schmittdiel,E/Dortmund-A 1989 (40)}) (
16. Nbd2 $6 Rd8 $1 17. a3 $6 {/\ 18.Nf1 d4 19.c4!} (17. Nf1 d4 18. g4 dxc3 19.
Qxd6 Nxd6 $15) (17. g4 Nh4 18. Nf1 Nxf3+ 19. Qxf3 Ne5 $15 {><f3}) 17... Nh4 $1
$17 {Luecke,N-Kindermann,S/Biel (op) 52/270 1991 (32) /\ Bf5}) 16... Bb6 (16...
Qf6 17. Bd1 Nh4 18. Bxh6 $16) 17. Kg2 {0,5/Sokolov,A-Vaganjan,R/Leningrad/1987/
} (17. Nfd4 Nfxd4 18. Nxd4 Kg7 $10 (18... Nxd4 19. cxd4 Kg7 20. Re5 Be6 $140
21. Bf4 Rac8 22. Rg5 Qxf4 23. Rxg6+ Kh8 24. Rg8+ $18) (18... Bxd4 19. cxd4 Kg7
20. Qe3 Rh8 21. Qf4 Qxf4 22. Bxf4 $14) 19. Qe3 Rh8 20. Qf4 Qxf4 21. Bxf4 Bd7)
17... Bxf2 18. Kxf2 Qg3+ 19. Ke2 Nh4 $1 (19... Qxh3 20. gxf5 Bxf5 21. Qxf5 gxf5
22. Kf2 $40) (19... d4 $2 20. Rg1 $1 Re8+ 21. Kd1 Qf2 22. Qf1 $1 $18 {+-
Yudasin,L-Moskalenko,V/Norilsk 44/(338) 1987}) (19... Nd6 $5 20. Nh4 Re8+ 21.
Be3 $8 Ne5 22. Qxd5 Qxh3 $44 {Yudasin,L}) 20. Qe3 $2 (20. Nxh4 $142 $1 Re8+ 21.
Be3 Ne5 (21... Qxh4 22. Kd2 Ne5 23. Bd4 Qg5+ 24. Be3 (24. Kd1 Bxg4+ 25. hxg4
Nxd3 26. Rxe8+ Rxe8 27. Bxd3 $13)) 22. Qxd5 $13) 20... Bxg4 (20... Bd7) (20...
Nxf3 21. Qxf3 Bxg4 22. hxg4 Rae8+ 23. Be3 Rxe3+ 24. Kxe3 Re8+ 25. Kd2) 21. hxg4
Rae8 22. Nxh4 Qxh4 (22... Rxe3+ 23. Bxe3 Re8 24. Kd2 Ne5 25. Bd3 $13) 23. Kd2
Rxe3 24. Rxe3 Qh2+ (24... Qxg4 $142 25. Bd3 h5 26. Kc2 Rc8 $1 27. a3 Qa4 $19 {
Akopian}) 25. Kd1 Qg1+ 26. Kd2 Rc8 $2 (26... Qxg4 $142) (26... Rd8 $5 27. Bd3
d4 28. Nxd4 Nxd4 29. cxd4 Qxg4 $19) 27. Bd1 d4 28. Nxd4 Rd8 29. Kc2 Nxd4+ 30.
cxd4 Rxd4 31. Bd2 Rd8 $13 (31... Rd8 32. Rc1 Qg2 33. Be2 Qd5 (33... Rxd2+ 34.
Kxd2 Qd5+ $44) 34. Bc3 (34. Rd3 Qe4 35. Re1 $13 Rxd3 36. Bxd3 Qxg4 37. Re8+ Kg7
38. Bc3+ f6) 34... Qxa2 $13) 1/2-1/2

[Event "Hamburg SKA"]
[Site "Hamburg"]
[Date "1991.07.09"]
[Round "11"]
[White "Mueller, Karsten"]
[Black "Jussupow, Artur"]
[Result "0-1"]
[WhiteElo "2425"]
[BlackElo "2605"]
[Annotator "Jussupow,A"]
[PlyCount "252"]
[EventDate "1991.06.27"]
[EventType "tourn"]
[EventRounds "13"]
[EventCountry "GER"]
[EventCategory "11"]
[SourceTitle "CBM 024"]
[Source "ChessBase"]
[SourceDate "1991.10.01"]
[SourceVersion "1"]
[SourceVersionDate "1991.10.01"]
[SourceQuality "1"]

1. e4 e6 2. d4 d5 3. Nd2 c5 4. Ngf3 Nc6 5. exd5 exd5 6. Be2 cxd4 7. O-O Be7 8.
Nb3 Bf6 9. Nbxd4 Nge7 10. c3 O-O 11. Be3 {N} (11. Bf4 Bg4 12. h3 Bh5 $10 {
Nijboer-Uhlmann (Amsterdam 1990)}) 11... Bg4 12. h3 Bh5 13. Qd2 (13. Nxc6 Nxc6
$8 14. Qd2 $10) 13... Bg6 (13... h6 $5) 14. Rad1 $14 Re8 15. Rfe1 h6 16. Bd3
Be4 17. Qc2 $5 (17. Bxe4 dxe4 18. Nxc6 Nxc6 19. Qxd8 Raxd8 20. Rxd8 Bxd8 21.
Nd4 $14) 17... Qa5 $5 18. Bxe4 dxe4 19. Qxe4 Qxa2 20. Nb5 Red8 $5 (20... Ng6
21. Qc2 Re7 22. Nd6 $14 {/\Ne4}) 21. Ra1 $2 (21. Qc2 $142 $14) 21... Qxb2 22.
Reb1 Qe2 23. Nbd4 Nxd4 (23... Qc4 24. Rxb7 Qxc3 $140 $2 25. Rc1 $14) 24. Nxd4
Qc4 25. Qxb7 Qxc3 (25... Nd5 26. Nc6 $13) 26. Rxa7 Rxa7 27. Qxa7 Rxd4 $15 28.
Bxd4 Qxd4 29. Qxd4 Bxd4 30. Rb8+ Kh7 31. Rb7 Bf6 32. Kf1 g6 (32... g5 $5) 33.
Ke2 Kg7 34. Kf3 Nf5 (34... h5 $5) 35. g3 h5 36. h4 Bd4 37. Rd7 Kf6 38. Rd5 Bb6
39. Rd2 Ke5 40. Re2+ Kd5 41. Re8 Nh6 42. Rb8 Bc5 43. Rd8+ Ke6 44. Rc8 Kd6 45.
Kg2 Ng4 46. f4 Kd5 47. Kf3 Nh6 48. Rd8+ Bd6 49. Rd7 Ke6 50. Ra7 Nf5 51. Ra5 Bb4
52. Ra4 Bc5 53. Ra8 Kd5 54. Rd8+ Bd6 55. Rd7 Ke6 56. Ra7 Nd4+ 57. Ke4 Nb3 58.
Ra8 Nd2+ 59. Ke3 Nc4+ 60. Kd4 Nb6 61. Ra5 Nd7 62. Ke3 Bc7 63. Rb5 Nc5 64. Kf3
Kd5 65. Ke3 Kc4 66. Rb2 Ba5 67. f5 $2 (67. Rb8 $10) 67... Bc3 $1 (67... gxf5 $6
68. Rf2 $10) 68. Rg2 $1 gxf5 69. Kf4 Kd5 70. Kxf5 Ne4 71. g4 Nd6+ 72. Kf4 Be5+
73. Kf3 hxg4+ 74. Rxg4 Ke6 75. h5 Nf5 76. Rg1 Kf6 $17 77. Rg8 Nh6 78. Rg1 Kf5
79. Rg2 Bf4 80. Rg1 Bg5 $6 (80... f6 $142 81. Rg7 Bg5 $17) 81. Rg2 (81. Kg3 $1
Be3 82. Rg2 f6 $140 83. Kh4 $17) 81... Bf4 82. Rg1 f6 83. Rg7 Bg5 84. Kg3 (84.
Ra7 Ng4 85. Ra4 Ne5+ 86. Kg3 Bd2 $17) 84... Ng4 85. Rg8 Ne5 86. Rg7 Bh6 87. Rg8
Nd3 88. Kh4 Nf4 89. Rh8 Bg5+ 90. Kg3 Ne6 $1 91. Rg8 Bh6 92. Rg6 (92. Kh4 Ng7
93. Rh8 Kf4 $3 $19) 92... Bf4+ $1 93. Kf2 (93. Kf3 Ng5+ 94. Kf2 Kg4 95. h6 Kf5
$19) 93... Bg5 94. Rg8 Nf4 95. Rh8 Kg4 96. h6 Kh5 97. h7 Kh6 98. Kf3 Ng6 (98...
Kg7 $4 99. Rf8 Kxh7 100. Rxf6 $10) 99. Ra8 Kxh7 100. Kg4 Ne7 101. Kh5 (101. Ra7
Kg6 $19) 101... Kg7 $19 102. Ra5 Bf4 103. Ra6 Be5 104. Rb6 Kf7 105. Ra6 Nc8
106. Rc6 Nd6 107. Ra6 Ne4 108. Kg4 Kg6 109. Rc6 Bd6 110. Ra6 f5+ 111. Kf3 Kf6
112. Ke3 Kg5 113. Kf3 Nd2+ 114. Ke2 Bf4 115. Ra4 Kg4 116. Kf2 Ne4+ 117. Kg2 Bd2
$1 118. Rd4 Bc3 119. Rd8 f4 120. Rd3 Bd2 121. Ra3 Bc3 122. Ra4 f3+ 123. Kf1 Kf4
124. Ra8 Bb4 125. Ra4 Ke3 126. Rxb4 Nd2+ 0-1

[Event "Hamburg SKA"]
[Site "Hamburg"]
[Date "1991.06.29"]
[Round "3"]
[White "Wahls, Matthias"]
[Black "Jussupow, Artur"]
[Result "1/2-1/2"]
[WhiteElo "2560"]
[BlackElo "2605"]
[Annotator "Jussupow,A"]
[PlyCount "51"]
[EventDate "1991.06.27"]
[EventType "tourn"]
[EventRounds "13"]
[EventCountry "GER"]
[EventCategory "11"]
[SourceTitle "CBM 024"]
[Source "ChessBase"]
[SourceDate "1991.10.01"]
[SourceVersion "1"]
[SourceVersionDate "1991.10.01"]
[SourceQuality "1"]

1. e4 e6 2. d4 d5 3. Nd2 c5 4. exd5 exd5 5. Ngf3 Nc6 6. Bb5 Bd6 7. O-O Nge7 8.
dxc5 Bxc5 9. Nb3 Bd6 10. Bxc6+ bxc6 11. Qd4 O-O 12. Bf4 Nf5 13. Qa4 a5 14. Rfe1
{N} Be6 15. Rad1 c5 16. Bxd6 Qxd6 17. c4 d4 (17... Rfb8 $2 18. cxd5 Rb4 19. Qa3
Bxd5 20. Qxa5 $16) 18. Qa3 Rfc8 19. Nfd2 $2 (19. Re5 Nh4 (19... a4 20. Nxc5 Nh4
21. Rde1 Nxf3+ 22. Qxf3 Bxc4 $10) 20. Rxc5 Nxf3+ 21. gxf3 Rd8 (21... Rxc5 22.
Qxc5 Qf4 23. Qxd4 $16) (21... Qf4 22. Rxc8+ Rxc8 23. Nxd4 Bxc4 24. Qe3 $16) 22.
Rxd4 Qe7 23. Rcd5 $16) 19... Qb6 (19... a4 $1 20. Ne4 $6 (20. Nc1 Qb6 21. Nd3
Nd6 22. Rc1 $15) 20... axb3 21. Nxd6 Rxa3 22. bxa3 (22. Nxf5 Bxf5 23. bxa3 b2
$17) (22. Nxc8 Rxa2 23. Nb6 Rxb2 24. Rb1 Rc2 25. Rxb3 h5 $17) 22... Nxd6 23.
axb3 Nf5 $17 {/\Kf8-e7-/+}) 20. Re5 Nd6 21. Rxc5 Nxc4 (21... Bxc4 22. Rc1 (22.
Rxc8+ Rxc8 23. Qxa5 Qxa5 24. Nxa5 Bxa2 (24... Be2 25. Re1 d3 26. Nab3 Rc2 27.
Rb1 {/\f3+/-}) 25. Nf3 $16)) 22. Nxc4 Bxc4 23. Rxc8+ Rxc8 24. Nxd4 (24. Rc1 d3
25. Nd2 Qa6 $10) 24... Rd8 (24... Bxa2 25. Nf5) (24... g6 25. b3 $16) 25. Qa4
Bxa2 26. Qxa2 {Yusupov} (26. Re1 $5 Be6 $10) 1/2-1/2